| 000 | 00493nam a22001697a 4500 | ||
|---|---|---|---|
| 005 | 20240326110409.0 | ||
| 008 | 240326b |||||||| |||| 00| 0 eng d | ||
| 020 | _a0814472273 | ||
| 082 |
_a646.70082 _bSOL-G |
||
| 100 | _aSolovic, Susan Wilson | ||
| 245 |
_aThe girls' guide to power and success / _cSusan Wilson Solovic |
||
| 260 |
_aUSA : _bSusan- says , _cc2001 . |
||
| 300 |
_a208 p. : _c23 cm . |
||
| 500 | _aGifted by Lums University. | ||
| 650 | _aManagement / Business | ||
| 999 |
_c35464 _d35464 |
||